000
00300nam a2200145Ia 4500
100
_a
Webster/John ed.
942
_c
BK
654
_a
instrumentation
245
_a
Bio instrumentation
260
_b
John Wiley
_c
2004
082
_a
610.28
_b
WEB
300
_a
383
546
_a
ENGLISH
999
_c
20481
_d
20481